000 00497nam a2200145Ia 4500
008 100122s9999 xx 000 0 und d
082 _b59354
_a301.42
100 _aगोखले करुणा
245 _aशुभमंगल पण सावधान
260 _bसुमंगल पब्लिशिंग कं
_c2001
300 _a182
630 _aशुभमंगल पण सावधान
730 _aशुभमंगल पण सावधान
942 _cBOOK
999 _c434951
_d434948